Quản lý đô thị
Saved in:
| Main Author: | |
|---|---|
| Format: | Book |
| Language: | Undetermined |
| Published: |
H.
Xây Dựng
2002
|
| Subjects: | |
| Tags: |
Add Tag
No Tags, Be the first to tag this record!
|
| Institutions: | Trung tâm Học liệu Trường Đại học Cần Thơ |
|---|
| LEADER | 00564nam a2200217Ia 4500 | ||
|---|---|---|---|
| 001 | CTU_62376 | ||
| 008 | 210402s9999 xx 000 0 und d | ||
| 020 | |b 24000 | ||
| 082 | |a 352.1609597 | ||
| 082 | |b M107 | ||
| 100 | |a Phạm Trọng Mạnh | ||
| 245 | 0 | |a Quản lý đô thị | |
| 245 | 0 | |c Phạm Trọng Mạnh | |
| 260 | |a H. | ||
| 260 | |b Xây Dựng | ||
| 260 | |c 2002 | ||
| 526 | |a Nông nghiệp đô thị | ||
| 526 | |b MT157 | ||
| 650 | |a cities and towns | ||
| 904 | |i Minh | ||
| 980 | |a Trung tâm Học liệu Trường Đại học Cần Thơ | ||